Teoría de la ciencia y teología
Saved in:
| Main Author: | |
|---|---|
| Format: | Book |
| Language: | Spanish |
| Published: |
Madrid
Libros Europa
1981
|
| Subjects: | |
| Tags: |
Add Tag
No Tags, Be the first to tag this record!
|
MARC
| LEADER | 00000nam a2200000 a 4500 | ||
|---|---|---|---|
| 001 | UCZ5345 | ||
| 003 | CL-VaPUC | ||
| 008 | 951117e19810000SP |||||||||||||||||spa|d | ||
| 082 | 0 | 4 | |a 215 |b PAN |2 21 |
| 100 | |a Pannenberg, Wolfhart |e autor |9 580280 | ||
| 245 | 1 | 0 | |a Teoría de la ciencia y teología |
| 300 | |a 462 p | ||
| 942 | |c BK | ||
| 945 | |d 19951117 00:00:00 |a lriquelm | ||
| 260 | |a Madrid |b Libros Europa |c 1981 | ||
| 600 | 0 | |a Dios |9 314467 | |
| 650 | 0 | |a Ciencia |9 255691 | |
| 650 | 0 | |a Filosofía cristiana |9 265980 | |
| 650 | 0 | |a Epistemología |9 264994 | |
| 650 | 0 | |a Filosofía de las ciencias |9 256466 | |
| 650 | 0 | |a Positivismo |9 269460 | |
| 650 | 0 | |a Racionalismo |9 259116 | |
| 650 | 0 | |a Teología |9 258766 | |
| 650 | 0 | |a Filosofía del espíritu |9 320175 | |
| 650 | 0 | |a Hermenéutica |9 269473 | |
| 583 | |a last modification |c 19951117 00:00:00 |k Rodrigo Vera | ||
| 999 | |c 241663 |d 241661 | ||
| 952 | |0 0 |1 0 |4 0 |6 215_000000000000000_PAN_1981 |7 0 |8 P |9 254055 |a BIBEDU |b BIBEDU |c BIBEDU_PB |d 2019-11-19 |i 1571761 |o 215 PAN 1981 |p 1571761 |r 2024-01-25 |w 2019-11-19 |y BK |k FIL | ||